| 000 | 01235cam a22002535a 4500 | ||
|---|---|---|---|
| 001 | L158175 | ||
| 008 | 100114s2014 xxko f 000 0 eng d | ||
| 020 | _a9781848063464 | ||
| 035 | _a(Sirsi) u158175 | ||
| 041 | 0 | _aeng | |
| 050 | 0 | 4 | _a690 $2 18 |
| 100 | 1 | _aBlackmore, Paul | |
| 245 | 0 | 0 | _aWind loads on roof-mounted photovoltaic and solar thermal systems |
| 260 |
_aWatford _bBRE _c2014 |
||
| 300 |
_a16p. _bill. _c30cm. |
||
| 490 | 0 |
_aBRE Digest _v(DG 489) |
|
| 520 | _aThis Digest has been revised and expanded to include wind loading guidance for a wider range of roof-mounted solar installations and example calculations, and is now applicable to both PV and ST systems. It includes guidance for installers, designers and manufacturers of such systems, as well as local authorities, architects and specifiers, on the wind loads to be used for the design of roof-mounted solar systems in the UK based on the Eurocode for wind actions (BS EN 1991-1-4:2005) and the UK National Annex. This Digest replaces the guidance published in 2004. Revised 2014, 2nd amendment. | ||
| 521 | _aAdvanced | ||
| 590 | _aKA | ||
| 651 | 4 |
_aUnited Kingdom _y |
|
| 690 |
_aEnvironment _96238 |
||
| 690 |
_aEnergy _96237 |
||
| 942 |
_n0 _2ddc |
||
| 999 |
_c115184 _d115184 |
||